Publikaciji slovackoj akademiji nauk
| Format: | Book |
|---|---|
| Language: | English |
| PhysicalDescription: | 187 s. |
| Published: |
Bratislava
Slovenská akadémia vied
1957
|
MARC
| LEADER | 00000nam a2200000 a 4500 | ||
|---|---|---|---|
| 001 | vtls010277417 | ||
| 003 | SK-MaSNL | ||
| 005 | 20260224124014.0 | ||
| 008 | 110510 000 0 eng | ||
| 040 | |a SNK |b slo |c SNK |e AACR2 | ||
| 245 | 1 | |a Publikaciji slovackoj akademiji nauk | |
| 260 | |a Bratislava |b Slovenská akadémia vied |c 1957 |e Brno |f Brněnské knihtiskárny | ||
| 300 | |a 187 s. | ||
| 999 | |c 1007266 |d 1009196 | ||
| 952 | |a SNK |b SNK |y PREZ |7 0 |p 17A0699215 |o snkSD 19779 |i snkD 331/61 |8 1 |3 rekatalogizácia |0 0 |1 0 |4 0 |d 2011-05-10 |l 0 |r 2025-12-03 00:00:00 |w 2026-02-24 | ||


